000 00593nam a2200169 a 4500
001 000017002
005 20200929165012.0
008 100312s19uu dr a 000 0 spa d
040 _aDO-SdBNP
_bspa
_cBNPHU
082 _axxx
_bB389f
100 1 _aBecerro, Marcos
_937556
245 1 0 _aFisiología del esfuerzo y del entrenamiento muscular /
_cMarcos Becerro.
246 1 4 _aCampaña deportiva fronteriza levantamieno de pesas.
260 _aSanto Domingo :
_bSEDEFIR,
_c[19--?].
300 _a112 p. :
_bil.
710 2 _aSecretaría de Estado de Deportes, Educación Física y Recreación
_936895
999 _c16530
_d16530